Countries with the Most Deaths per Day - Statistics

General Stats
  • This quiz has been taken 54 times
  • The average score is 22 of 24
Answer Stats
# of Deaths Country % Correct
30,373 China
100%
28,279 India
100%
2,233 Mexico
100%
1,765 United Kingdom
100%
5,174 Russia
98%
8,295 United States
98%
3,968 Brazil
96%
1,697 France
96%
2,658 Germany
96%
5,091 Indonesia
96%
3,888 Japan
96%
6,561 Nigeria
96%
1,650 Egypt
92%
2,000 Ethiopia
92%
1,788 Italy
92%
4,220 Pakistan
92%
2,292 DR Congo
88%
1,801 Ukraine
88%
2,530 Bangladesh
85%
1,555 South Africa
85%
1,295 Turkey
83%
1,764 Vietnam
83%
1,869 Philippines
77%
1,562 Thailand
77%
No matching quizzes found
Score Distribution
Percent of People with Each Score
Percentile by Number Answered
Your Score History
You have not taken this quiz